006860000a220009700045001000034000002450094000343000050001285000057001785200308002357730045005431 aEscovar Wilson White, Alberto10a¿Es serio este cementerio? : Un proyecto de cementerio vertical en la Sabana de Bogotá aVol.0, núm.9 (Junio, 2006), Páginas 12-13 aArquitecto e investigador en arquitectura funeraria. aCon un despliegue de publicidad impresionante, que vende una manera distinta de vivir la eternidad, el Panteón Memorial Towers, una construcción de trece torres adelante del peaje de la autopista del norte de Bogotá, pretende erigirse como una revolución en la arquitectura funeraria colombiana.0 tArcadia / Andrés Felipe Solano, Editor